Jeudi (mort subite) - Statistiques

Statistiques générales
  • Ce quiz a été pris 79 fois
  • Le résultat moyen est 5 sur 6
Answers on the Grid
Answers color-coded by a green-red scale on the quiz's grid according to % correct below.
Nageoi-e
Mar-hande
Ap-ritif
Rec-uvrir
Par-onner
Par-re
Disj-ncter
F-lature
-tationner
Par-ure
Carna-al
Rot-nde
 
Statistiques - réponses
Réponse % Correct
Ap-ritif
94%
Par-onner
94%
F-lature
84%
Par-re
78%
Par-ure
63%
-tationner
47%
Aucun quiz correspondant
Distribution des résultats
% des personnes avec chaque résultat
Percentile par nombre de réponses
Votre historique - résultats
Vous n’avez pas pris ce quiz